<?xml version="1.0" encoding="UTF-8"?>
<collection xmlns:xsi="http://www.w3.org/2001/XMLSchema-instance" xsi:schemaLocation="http://www.loc.gov/MARC21/slim http://www.loc.gov/standards/marcxml/schema/MARC21slim.xsd" xmlns="http://www.loc.gov/MARC21/slim">
 <record>
  <leader>00000cam a22000004a 4500</leader>
  <controlfield tag="001">UP-99796217612562325</controlfield>
  <controlfield tag="003">Buklod</controlfield>
  <controlfield tag="005">20170809101830.0</controlfield>
  <controlfield tag="006">m    |o  d |      </controlfield>
  <controlfield tag="007">ta</controlfield>
  <controlfield tag="008">060503s2007    iau     rb   |001 0|eng d</controlfield>
  <datafield tag="020" ind1=" " ind2=" ">
   <subfield code="a">0073044016</subfield>
  </datafield>
  <datafield tag="020" ind1=" " ind2=" ">
   <subfield code="a">9780073044019</subfield>
  </datafield>
  <datafield tag="035" ind1=" " ind2=" ">
   <subfield code="a">(iLib)UPD-00343311356</subfield>
  </datafield>
  <datafield tag="040" ind1=" " ind2=" ">
   <subfield code="a">EYA</subfield>
   <subfield code="c">EYA</subfield>
   <subfield code="d">BAKER</subfield>
   <subfield code="d">CRH</subfield>
   <subfield code="d">HHO</subfield>
   <subfield code="d">IXA</subfield>
   <subfield code="d">YDXCP</subfield>
   <subfield code="d">OCLCQ</subfield>
   <subfield code="d">EAU</subfield>
   <subfield code="d">UCWS</subfield>
  </datafield>
  <datafield tag="041" ind1=" " ind2=" ">
   <subfield code="a">eng</subfield>
  </datafield>
  <datafield tag="090" ind1=" " ind2=" ">
   <subfield code="a">HQ 1075</subfield>
   <subfield code="b">T39 2007</subfield>
  </datafield>
  <datafield tag="245" ind1="0" ind2="0">
   <subfield code="a">Taking sides</subfield>
   <subfield code="p">clashing views in gender</subfield>
   <subfield code="c">selected, edited, and with introductions by Jacquelyn W. White.</subfield>
  </datafield>
  <datafield tag="246" ind1="3" ind2="0">
   <subfield code="a">Clashing views in gender</subfield>
  </datafield>
  <datafield tag="246" ind1="3" ind2="0">
   <subfield code="a">Gender</subfield>
  </datafield>
  <datafield tag="250" ind1=" " ind2=" ">
   <subfield code="a">3rd ed.</subfield>
  </datafield>
  <datafield tag="264" ind1=" " ind2="1">
   <subfield code="a">Dubuque, Iowa.</subfield>
   <subfield code="b">McGraw-Hill Contemporary Learning Series</subfield>
   <subfield code="c">c2007.</subfield>
  </datafield>
  <datafield tag="300" ind1=" " ind2=" ">
   <subfield code="a">xxviii, 396 pages</subfield>
   <subfield code="c">24 cm.</subfield>
  </datafield>
  <datafield tag="504" ind1=" " ind2=" ">
   <subfield code="a">Includes bibliographical references and index.</subfield>
  </datafield>
  <datafield tag="505" ind1="0" ind2=" ">
   <subfield code="a">pt. 1. Definitions and cultural boundaries : a moving target -- issue 1. Is anatomy destiny? -- issue 2. Is gender identity innate? -- issue 3. Is the motive to rape biological? -- pt. 2. Different strokes : the question of difference -- issue 4. Do women and men communicate differently? -- issue 5. Do women and men respond differently to stress? -- issue 6. Are differences in aggressive behavior between women and men due to gender-related factors? -- pt. 3. From Ozzie to Harriet to my two dads : gender in childhood -- issue 7. Is fetal sex selection harmful to society? -- issue 8. Are fathers essential for children's well-being? -- issue 9. Should same-sex couples be able to marry? -- issue 10. Can lesbian and gay couples be appropriate parents for children? -- pt. 4. From 9 to 5 : gender in the world of work -- issue 11. Do sex differences in careers in mathematics and sciences have a biological basis? -- issue 12. Is the gender wage gap justified? -- issue 13. Are gender inequalities primarily responsible for the increased number of low-wage single-mother families? -- pt. 5. Gender and sexuality : double-standards? -- issue 14. Is female circumcision universally wrong? -- issue 15. Should &quot;abstinence-until-marriage&quot; be the only message for teens? -- issue 16. Can women's sexuality be free from traditional gender constraints? -- issue 17. Are adult-child sexual relations always harmful? -- pt. 6. Girl interrupted : gender and mental health -- issue 18. Is premenstrual syndrome a hormonally based disorder? -- issue 19. Is reparative therapy effective in changing one's sexual orientation? -- issue 20. Is transgenderism a psychological disorder?</subfield>
  </datafield>
  <datafield tag="591" ind1=" " ind2=" ">
   <subfield code="a">UCWS-3102g donated by Dr. Thelma B. Kintanar - July 2017</subfield>
  </datafield>
  <datafield tag="650" ind1=" " ind2="0">
   <subfield code="a">Sex role.</subfield>
  </datafield>
  <datafield tag="700" ind1="1" ind2=" ">
   <subfield code="a">White, Jacquelyn W.</subfield>
  </datafield>
  <datafield tag="905" ind1=" " ind2=" ">
   <subfield code="a">FO</subfield>
  </datafield>
  <datafield tag="852" ind1="0" ind2=" ">
   <subfield code="a">UPD</subfield>
   <subfield code="b">UCWS</subfield>
   <subfield code="h">HQ 1075</subfield>
   <subfield code="i">T39 2007</subfield>
  </datafield>
  <datafield tag="942" ind1=" " ind2=" ">
   <subfield code="a">Book</subfield>
  </datafield>
 </record>
</collection>
